On Collaboration / If You Read Nothing Else on Collaborating Effectively and read These Definitive Articles from Harvard Business Review (Record no. 9750)
[ view plain ]
| 000 -LEADER | |
|---|---|
| fixed length control field | 01005cam a22001814a 4500 |
| 005 - ΗΜΕΡΟΜΗΝΙΑ ΚΑΙ ΩΡΑ ΤΕΛΕΥΤΑΙΑΣ ΕΝΗΜΕΡΩΣΗΣ | |
| Πεδίο ελέγχου | 20250605163721.0 |
| 008 - FIXED-LENGTH DATA ELEMENTS--GENERAL INFORMATION | |
| Πεδίο ελέγχου σταθερού μήκους | 250528s ||||||||||||||||||||||||d |
| 035 ## - SYSTEM CONTROL NUMBER | |
| System control number | 24919 |
| 020 ## - ISBN | |
| ISBN | 9781422190128 |
| 040 ## - ΠΗΓΗ ΚΑΤΑΛΟΓΟΓΡΑΦΗΣΗΣ | |
| Φορέας πρωτότυπης καταλογογράφησης | MC Athens Campus Library |
| Γλώσσα καταλογογράφησης | Ελληνικά, Μοντέρνα (1453-) |
| Modifying agency | MC Athens Campus Library |
| Κανόνες περιγραφικής καταλογογράφησης | AACR2 |
| 245 1# - ΤΙΤΛΟΣ ΚΑΙ ΔΗΛΩΣΗ ΥΠΕΥΘΥΝΟΤΗΤΑΣ | |
| Τίτλος | On Collaboration / If You Read Nothing Else on Collaborating Effectively and read These Definitive Articles from Harvard Business Review |
| 260 ## - PUBLICATION, DISTRIBUTION, ETC. | |
| Name of publisher, distributor, etc. | Harvard Business Review Press, |
| Date of publication, distribution, etc. | 2013 |
| 300 ## - PHYSICAL DESCRIPTION | |
| Extent | 168 |
| 520 ## - SUMMARY, ETC. | |
| Summary, etc. | Are You a Collaborative Leader, Social Intelligence and the Biology of Leadership, Bringing Minds Together, Building a Collaborative Enterprise, Silo Busting: How to Execute on the Promise of Customer Focus, Harnessing Your Staff's Informal Networks, Want Collaboration? Accept and Actively Manage and Conflict, Shattering the Myths About Enterprise, When Internal Collaboration Is Bad for Your Company, Which Kind of Collaboration is Right for You, Index. |
| 942 ## - ADDED ENTRY ELEMENTS (KOHA) | |
| Koha item type | Books |
| Τύπος τεκμηρίου | Βιβλιοθήκη | Τρέχουσα τοποθεσία | Barcode | Ημερομηνία απόκτησης | Ταξιθετικό σύμβολο | Αριθμός αντιτύπου | Κατάσταση απόσυρσης | Κατάσταση χαμένου | Κατάσταση κατεστραμμένου | Μη δανεισμός | Σύνολο δανεισμών | Ημερομηνία τελευταίας εμφάνισης | Η τιμή ισχύει από |
|---|---|---|---|---|---|---|---|---|---|---|---|---|---|
| Books | MC Athens Campus Library | MC Athens Campus Library | 9780000097491 | 05/06/2025 | REF 658/.046 HBR | 1 | 05/06/2025 | 05/06/2025 |